000 00655nam a2200181Ia 4500
008 100921s9999 xx 000 0 und d
082 _b41040
_a891.463 न 06
100 _aनायक श्रीकांत विष्णु.
245 _aचक्रव्यूह.
260 _bज्ञानदत्त प्रकाशन,पुणे.
_c2006
300 _a296
_bजयेश एजन्सी,पुणे.
365 _b290
520 _aललित-कादंबरी.
630 _aचक्रव्यूह.
650 _aललित-कादंबरी.
730 _aचक्रव्यूह.
942 _cBOOK
999 _c790153
_d790150